00686cam a22002171 450000100060000000300080000600500170001400800390003103500190007003500180008904000350010704100080014208200180015010000330016824501010020126000600030230000210036250400200038365000150040371000500041831965BD-RjUL20211209051755.0140423s1948 xx 001 0 eng a(BD-RjUL)32054 a(OCoLC)973838 aDLCcTxU-DadDLCdBD-RjULbeng aeng a301bKEI 19481 aKerby, William Josephd1870-00aIntroduction to social living /cPrinted under the auspices of the William J. Kerby Foundation. aWashington :bCatholic Univ. of American Press,cc1948. a132 p. ;c23 cm. aIncludes Index. 0aSociology.2 aWilliam J. Kerby foundation, Washington, D.C.